000 00755nam a2200193 i 4500
001 54158
003 ES-MaACL
005 20230906162915.0
007 t|
008 960715s1875 fr ||||1| fre d
040 _aCAM
_bspa
_cCAM
245 0 0 _aLettres japonaises sur la civilisation en Europe comme produit du christianisme et la voie qu'elle suit actuellement /
_c[signé: Sésimotto].
260 _aParis :
_bE. Dentu,
_c1875 (
_eBoulogne :
_fImprimerie Jules Boyer)
300 _aVI, 139 p. ;
_c20 cm.
500 _aUna anotación manuscrita en la anteportada señala como autor al Viconte de Figanière.
700 1 _aSésimotto.
_9105883
700 1 _aFiganière, Frederico Francisco de la
_c, Visconde.
_950735
852 _aES-MaACL
_jT-210-F-6
999 _c54158
_d54158